An introduction to the rock-forming minerals / (Record no. 12311)

MARC details
000 -LEADER
fixed length control field 01257nam a22003131i 4500
001 - CONTROL NUMBER
control field 1226222
003 - CONTROL NUMBER IDENTIFIER
control field EG-ScBUE
005 - DATE AND TIME OF LATEST TRANSACTION
control field 20251216101353.0
008 - FIXED-LENGTH DATA ELEMENTS--GENERAL INFORMATION
fixed length control field 850509s1967 nyua f b 001 0 eng
040 ## - CATALOGING SOURCE
Original cataloging agency EG-ScBUE
Language of cataloging eng
Description conventions rda
Transcribing agency EG-ScBUE
Modifying agency EG-ScBUE
082 04 - DEWEY DECIMAL CLASSIFICATION NUMBER
Classification number 549.6
Item number DEE
Edition number 22
100 1# - MAIN ENTRY--PERSONAL NAME
Personal name Deer, W. A.
Fuller form of name (William Alexander),
9 (RLIN) 7909
Relator term author.
245 13 - TITLE STATEMENT
Title An introduction to the rock-forming minerals /
Statement of responsibility, etc W. A. Deer, F.R.S., professor of mineralogy & petrology, Cambridge University, R. A. Howie, reader in geology, London University, King's College, J. Zussman, reader in mineralogy, Oxford University.
250 ## - EDITION STATEMENT
Edition statement Third imperession.
264 #1 - PUBLICATION, DISTRIBUTION, ETC. (IMPRINT)
Place of publication, distribution, etc New York, N.Y. :
Name of publisher, distributor, etc John Wiley and Sons, INC.,
Date of publication, distribution, etc 1967.
300 ## - PHYSICAL DESCRIPTION
Extent x, 528 pages :
Other physical details illustrations ;
Dimensions 23 cm
336 ## - CONTENT TYPE
Source rdacontent
Content type term text
Content type code txt
337 ## - MEDIA TYPE
Media type term unmediated
Source rdamedia
Media type code n
338 ## - CARRIER TYPE
Carrier type term volume
Carrier type code nc
Source rdacarrier
500 ## - GENERAL NOTE
General note Includes Appendices.<br/>
504 ## - BIBLIOGRAPHY, ETC. NOTE
Bibliography, etc Includes bibliographical references and index.<br/>
650 #7 - SUBJECT ADDED ENTRY--TOPICAL TERM
Topical term or geographic name as entry element Silicate minerals.
9 (RLIN) 7910
Source of heading or term BUEsh
650 #7 - SUBJECT ADDED ENTRY--TOPICAL TERM
Topical term or geographic name as entry element Mineralogy.
9 (RLIN) 7911
Source of heading or term BUEsh
650 #7 - SUBJECT ADDED ENTRY--TOPICAL TERM
Topical term or geographic name as entry element Rocks.
9 (RLIN) 7912
Source of heading or term BUEsh
655 ## - INDEX TERM--GENRE/FORM
Form subdivision Reading book
700 1# - ADDED ENTRY--PERSONAL NAME
Personal name Howie, R. A.
Fuller form of name (Robert Andrew),
Relator term author.
9 (RLIN) 7913
700 1# - ADDED ENTRY--PERSONAL NAME
Personal name Zussman, J.,
Relator term author.
9 (RLIN) 7914
942 ## - ADDED ENTRY ELEMENTS (KOHA)
Source of classification or shelving scheme Dewey Decimal Classification
Koha item type Book - Borrowing
Holdings
Withdrawn status Lost status Source of classification or shelving scheme Damaged status Not for loan Collection code Home library Current library Shelving location Date acquired Total Checkouts Total Renewals Full call number Barcode Date last seen Date checked out Koha item type
    Dewey Decimal Classification     Baccah Central Library Central Library First floor 09/07/2009 1 1 549.6 DEE 000030255 15/07/2025 09/02/2022 Book - Borrowing